| 000 | 01020nab a22002057a 4500 | ||
|---|---|---|---|
| 999 |
_c5862 _d5862 |
||
| 003 | OSt | ||
| 005 | 20260108225155.0 | ||
| 008 | 190514b xxu||||| |||| 00| 0 spa d | ||
| 040 | _cPJ | ||
| 100 |
_94225 _aPauletti, Ana Clara |
||
| 245 | 1 | 0 |
_aBalance, consolidación y desafíos en procesos de familia con detenimiento en la sentencia oral / _cAna Clara Pauletti. |
| 300 | _ap. 246-259 | ||
| 505 | _aSumario: I. A diez años de la vigencia del nuevo código de fondo.— II. Regulaciones procesales en materia familiar.— III. Valoración de la exigencia de especialidad de la judicatura.— IV. La nueva oralidad como desafío.— V. Sentencia oral en procesos de familia. | ||
| 505 | _tSi te interesa el texto, comunicate a koha@justierradelfuego.gov.ar | ||
| 650 | 0 |
_91497 _aCODIGO CIVIL Y COMERCIAL |
|
| 650 | 0 |
_9967 _aDERECHO DE FAMILIA |
|
| 650 | 0 |
_93874 _aPROCESOS DE FAMILIA |
|
| 773 | 0 |
_02844 _93222 _dBuenos Aires : AbeledoPerrot, 1989- _tDerecho de familia. N° 120 - Julio 2025 _z18511201 |
|
| 942 |
_2udc _cANA |
||